Energía y desarrollo
Guardat en:
| Autor corporatiu: | |
|---|---|
| Format: | Llibre |
| Idioma: | espanyol |
| Publicat: |
Santiago
Programa de Investigaciones de Energía
1990
|
| Matèries: | |
| Etiquetes: |
Afegir etiqueta
Sense etiquetes, Sigues el primer a etiquetar aquest registre!
|
MARC
| LEADER | 00000nam a2200000 a 4500 | ||
|---|---|---|---|
| 001 | UCW2043 | ||
| 003 | CL-VaPUC | ||
| 005 | 20240828132432.0 | ||
| 008 | 900906e19900000cl 1 spa d | ||
| 082 | 0 | 4 | |a 333.79 |b UNI |2 21 |
| 110 | 2 | |a Universidad de Chile |e author |9 616705 | |
| 245 | 1 | 0 | |a Energía y desarrollo |
| 260 | |a Santiago |b Programa de Investigaciones de Energía |c 1990 | ||
| 300 | |a 2 v | ||
| 583 | |a last modification |c 19900906 00:00:00 |k Rodrigo Vera | ||
| 650 | 0 | 0 | |a Recursos energéticos |9 263206 |
| 650 | 0 | 0 | |a Congresos |9 257560 |
| 650 | 0 | 0 | |a Política energética |9 262924 |
| 650 | 0 | 7 | |a CONSUMO DE ENERGIA |2 CL-VaPUC |9 271590 |
| 651 | 7 | |a CHILE |2 CL-VaPUC |9 616706 | |
| 942 | |c BK | ||
| 945 | |a mfernand |d 19900906 00:00:00 | ||
| 546 | |a En Español | ||
| 518 | |p Congreso Nacional de Energia, 1, 1 - 6 de abril de 1990 | ||
| 999 | |c 382074 |d 382072 | ||
| 952 | |0 0 |1 0 |4 0 |6 333_790000000000000_UNI_1990 |7 0 |8 A |9 503573 |a BIBENE |b BIBENE |d 2020-01-23 |h v.1 |i 2700409 |o 333.79 UNI 1990 |p 2700409 |r 2025-01-15 |w 2020-01-23 |y BK |k ICO | ||
| 952 | |0 0 |1 0 |4 0 |6 333_790000000000000_UNI_1990 |7 0 |8 A |9 503574 |a BIBENE |b BIBENE |d 2020-01-23 |h v.2 |i 2700417 |o 333.79 UNI 1990 |p 2700417 |r 2025-01-15 |w 2020-01-23 |y BK |k ICO | ||
| 952 | |0 0 |1 0 |4 0 |6 333_790000000000000_UNI_1990 |7 0 |8 P |9 503575 |a BIBMEC |b BIBMEC |d 2020-01-23 |h v.1 |i 2700425 |o 333.79 UNI 1990 |p 2700425 |r 2020-01-23 |w 2020-01-23 |y BK |k MEC | ||